Capitals by Flag: South America - Statistics

General Stats
  • This quiz has been taken 15 times
  • The average score is 11 of 12
Answer Stats
Picture Answer % Correct
Bogota
100%
Brasilia
100%
La Paz / Sucre
100%
Lima
100%
Montevideo
100%
Quito
100%
Santiago
100%
Buenos Aires
91%
Caracas
91%
Asuncion
73%
Georgetown
73%
Paramaribo
64%
No matching quizzes found
Score Distribution
Percent of People with Each Score
Percentile by Number Answered
Your Score History
You have not taken this quiz